000 00398nam a2200157Ia 4500
003 OSt
005 20230527105952.0
008 211028s2016 xx 000 0 und d
040 _cAIMIT LIBRARY
041 _aeng
100 _aSalma; Manimozhi, R.
_98656
_e141922
110 _aManimozhi R
_98657
245 _aFinancial asset management system.
260 _aMangalore
_c2016
942 _2ddc
_cPRO
999 _c219997
_d219997